000 00468nam a2200181Ia 4500
001 16597
005 20260306170321.0
008 260306t2013||||xx |||||||||||||| ||und||
041 _aESP
082 _a348.8
_bC31
100 _aCarrillo Cisneros, Félix
_eAUT
245 0 _aComentarios a la nueva ley procesal del trabajo:
_b(ley Nº 29497)
260 _c2013
300 _a367 páginas :
_c23 cm.
650 _aGEN
654 _aCDE
942 _cLIB
_dJUS
_fJUS
_2ddc
_n
999 _c16597
_d16597